00891nam a22002657a 45000010005000000030006000050050017000110080041000280200018000690400029000870820013001161000020001292450043001492600038001923000044002304900012002745050008002865200175002945210029004695210020004986500022005186500025005406500027005657000033005925233FISKH20241120130749.0241120b cb ||||| |||| 00| 0 eng d a9781407112039 aFISKHbengcFISKHdFISKH a641.3374 aMacdonald, Alan aTriffic Chocolate /cby Alan MacDonald aNew York : bScholastic ;c2010 . a159 pages : billustrations ;c21 cm .  aTotally aW  aThe history of the beautiful bean from the Aztecs to Aero This book is for the dedicated chocophile who d like to knowmore about their favourite food. A really tasty read8 a890 bLexile estimate 8 aW bRaz-Plus  afoodvnon-fiction ahistoryvnon-fiction achocolatevnon-fiction aGoddard, Cliveeillustrator